000 00387nam a22001337a 4500
008 150904b xxu||||| |||| 00| 0 eng d
020 _a9780770429676
050 _aPR6068.U88 R33
100 _aRutherfurd, Edward.
245 _aThe Rebels of Ireland: the Dublin saga. /
_cEdward Rutherfurd.
260 _aLondon:
_bSeal Books,
_c2006.
300 _axxiii, 887p.:
_c18cm.
942 _2lcc
_cBK
999 _c5732
_d13232